Criminal law statutes : 2010-2011. / (Record no. 9832)
[ view plain ]
| 000 -LEADER | |
|---|---|
| fixed length control field | 01629cas a2200433 4500 |
| 001 - CONTROL NUMBER | |
| control field | 16250948 |
| 003 - CONTROL NUMBER IDENTIFIER | |
| control field | OSt |
| 005 - DATE AND TIME OF LATEST TRANSACTION | |
| control field | 20230623125241.0 |
| 008 - FIXED-LENGTH DATA ELEMENTS--GENERAL INFORMATION | |
| fixed length control field | 100525c20109999enkar l | 0eng |
| 010 ## - LIBRARY OF CONGRESS CONTROL NUMBER | |
| LC control number | 2010207463 |
| Canceled/invalid LC control number | 2009027958 |
| 016 ## - NATIONAL BIBLIOGRAPHIC AGENCY CONTROL NUMBER | |
| Record control number | 016234772 |
| 016 7# - NATIONAL BIBLIOGRAPHIC AGENCY CONTROL NUMBER | |
| Record control number | 016234772 |
| Source | Uk |
| 020 ## - INTERNATIONAL STANDARD BOOK NUMBER | |
| International Standard Book Number | 9780415582384 |
| 035 ## - SYSTEM CONTROL NUMBER | |
| System control number | (OCoLC)ocn639933205 |
| 040 ## - CATALOGING SOURCE | |
| Original cataloging agency | DLC |
| Language of cataloging | eng |
| Transcribing agency | DLC |
| Modifying agency | DLC |
| -- | OCLCF |
| -- | OCLCO |
| -- | UKMGB |
| 042 ## - AUTHENTICATION CODE | |
| Authentication code | pcc |
| 043 ## - GEOGRAPHIC AREA CODE | |
| Geographic area code | e-uk--- |
| 050 00 - LIBRARY OF CONGRESS CALL NUMBER | |
| Classification number | KD7863.99.C75 |
| 082 00 - DEWEY DECIMAL CLASSIFICATION NUMBER | |
| Classification number | 345.42 |
| Edition number | 22 |
| 245 00 - TITLE STATEMENT | |
| Title | Criminal law statutes : 2010-2011. / |
| Statement of responsibility, etc. | Editor: Jonathan Herring |
| 260 ## - PUBLICATION, DISTRIBUTION, ETC. | |
| Place of publication, distribution, etc. | Milton Park, Abingdon, Oxon ; |
| -- | New York : |
| Name of publisher, distributor, etc. | Routledge, |
| Date of publication, distribution, etc. | 2011 |
| 300 ## - PHYSICAL DESCRIPTION | |
| Extent | vi, 234 p.: |
| Dimensions | 25 cm. |
| 310 ## - CURRENT PUBLICATION FREQUENCY | |
| Current publication frequency | Annual |
| 362 1# - DATES OF PUBLICATION AND/OR SEQUENTIAL DESIGNATION | |
| Dates of publication and/or sequential designation | Began with: 2009/2010. |
| 490 0# - SERIES STATEMENT | |
| Series statement | Routledge student statutes |
| 500 ## - GENERAL NOTE | |
| General note | Includes alphabetical, chronological and thematic indexes. |
| 500 ## - GENERAL NOTE | |
| General note | Provides key criminal law statutes that apply to English law |
| 505 ## - FORMATTED CONTENTS NOTE | |
| Formatted contents note | Contents: Key criminal law statutes that apply to English law |
| 588 ## - SOURCE OF DESCRIPTION NOTE | |
| Source of description note | Description based on: 2009/2010; title from title page. |
| 650 #0 - SUBJECT ADDED ENTRY--TOPICAL TERM | |
| Topical term or geographic name entry element | Criminal law |
| Geographic subdivision | Great Britain |
| Form subdivision | Sources. |
| 9 (RLIN) | 1860 |
| 650 #7 - SUBJECT ADDED ENTRY--TOPICAL TERM | |
| Topical term or geographic name entry element | Criminal law. |
| Source of heading or term | fast |
| Authority record control number or standard number | (OCoLC)fst00883328 |
| 9 (RLIN) | 1861 |
| 651 #7 - SUBJECT ADDED ENTRY--GEOGRAPHIC NAME | |
| Geographic name | Great Britain. |
| Source of heading or term | fast |
| Authority record control number or standard number | (OCoLC)fst01204623 |
| 9 (RLIN) | 1862 |
| 655 #7 - INDEX TERM--GENRE/FORM | |
| Genre/form data or focus term | Sources. |
| Source of term | fast |
| Authority record control number or standard number | (OCoLC)fst01423900 |
| 9 (RLIN) | 1863 |
| 700 1# - ADDED ENTRY--PERSONAL NAME | |
| Personal name | Herring, Jonathan. |
| 9 (RLIN) | 1825 |
| 906 ## - LOCAL DATA ELEMENT F, LDF (RLIN) | |
| a | 7 |
| b | cbc |
| c | serials |
| d | 2 |
| e | ncip |
| f | 20 |
| g | n-oclcserc |
| 942 ## - ADDED ENTRY ELEMENTS (KOHA) | |
| Source of classification or shelving scheme | Library of Congress Classification |
| Koha item type | Books |
| Withdrawn status | Lost status | Source of classification or shelving scheme | Damaged status | Not for loan | Home library | Current library | Shelving location | Date acquired | Total Checkouts | Full call number | Barcode | Date last seen | Copy number | Price effective from | Koha item type |
|---|---|---|---|---|---|---|---|---|---|---|---|---|---|---|---|
| Library of Congress Classification | WISCONSIN INTERNATIONAL UNIVERSITY COLLEGE, GHANA KUMASI LIBRARY | WISCONSIN INTERNATIONAL UNIVERSITY COLLEGE, GHANA KUMASI LIBRARY | Law Library | 01/06/2023 | KD7863.99.C75 | KSL/2048/251/23 | 23/06/2023 | 1 | 23/06/2023 | Books | |||||
| Library of Congress Classification | WISCONSIN INTERNATIONAL UNIVERSITY COLLEGE, GHANA KUMASI LIBRARY | WISCONSIN INTERNATIONAL UNIVERSITY COLLEGE, GHANA KUMASI LIBRARY | Law Library | 01/06/2023 | KD7863.99.C751 | KSL/2049/252/23 | 23/06/2023 | 2 | 23/06/2023 | Books | |||||
| Library of Congress Classification | WISCONSIN INTERNATIONAL UNIVERSITY COLLEGE, GHANA KUMASI LIBRARY | WISCONSIN INTERNATIONAL UNIVERSITY COLLEGE, GHANA KUMASI LIBRARY | Law Library | 01/06/2023 | KD7863.99.C752 | KSL/2050/253/23 | 23/06/2023 | 3 | 23/06/2023 | Books |
